|
|
|
|
| LEADER |
01139nam a2200229 a 4500 |
| 001 |
12026712 |
| 008 |
091217s1998 bg a bb 000 0 eng d |
| 010 |
|
|
|a 99940163
|
| 020 |
|
|
|a 9848227040
|
| 040 |
|
|
|a DLC
|c DLC
|
| 082 |
0 |
0 |
|a 305.23/095492
|2 21
|
| 245 |
1 |
2 |
|a A study to identify the risk factors affecting nutritional status of adolescent girls in Bangladesh /
|c Halida Hanum Akhter ... [et al.].
|
| 260 |
|
|
|a Dhaka :
|b Bangladesh Institute of Research for Promotion of Essential & Reproductive Health and Technologies,
|c 1998.
|
| 300 |
|
|
|a xxvi, 135 p. :
|b ill. ;
|c 25 cm.
|
| 504 |
|
|
|a Includes bibliographical references (p. 133-134).
|
| 541 |
1 |
|
|e 00007383
|
| 650 |
|
0 |
|a Teenage girls
|x Nutrition
|z Bangladesh.
|
| 700 |
1 |
|
|a Akhter, Halida Hanum.
|
| 710 |
2 |
|
|a Bangladesh Institute of Research for Promotion on Essential & Reproductive Health and Technologies.
|
| 852 |
4 |
|
|a Ayesha Abed Library
|j General shelf
|
| 999 |
|
|
|c 6188
|d 6188
|
| 952 |
|
|
|0 0
|1 0
|2 ddc
|4 0
|6 305_230954920000000_STU_1998
|7 0
|9 6207
|a BRACUL
|b BRACUL
|c GEN
|d 2009-12-19
|g 0.00
|l 0
|o 305.23095492 STU
|p 3010007383
|r 2009-12-19
|t 1
|w 2009-12-19
|y BK
|x No price found in the accession register.
|